Films dont le titre commence par un H (2) Version facile - Statistiques

Statistiques générales
  • Ce quiz a été pris 12 fois
  • Le résultat moyen est 8 sur 30
Statistiques - réponses
Année Réalisateur Genre 1 acteur ou
1 actrice
Titre Indice facile % Correct
2002 F. Ozon Comédie Daneille Darrieux Huit femmes *
78%
2001 C. Columbus Fantastique Daniel Radcliffe Harry Potter à l'école des sorciers école
67%
2002 C. Columbus Fantastique Daniel Radcliffe Harry Potter et la chambre des secrets secrets
67%
2005 M. Newell Fantastique Daniel Radcliffe Harry Potter et la coupe de feu feu
67%
2004 A. Cuaron Fantastique Daniel Radcliffe Harry Potter et le prisonnier d'Azkaban prisonnier
67%
2010 D. Yates Fantastique Daniel Radcliffe Harry Potter et les reliques de la mort mort
67%
2007 D. Yates Fantastique Daniel Radcliffe Harry Potter et l'Ordre du Phénix ordre
67%
2009 D. Yates Fantastique Daniel Radcliffe Harry Potter et le prince de sang mêlé sang
44%
2014 B. Rattner Peplum Dwayne Johnson Hercule *
44%
2001 R. Scott Thriller Anthony Hopkins Hannibal *
33%
2011 P. Serieis Comédie Florence Foresti Hollywoo *
33%
2003 A. Lee Fantastique Lou Richards Hulk *
33%
2008 G. Van Sant Biographie Sean Penn Harvey Milk *
22%
2014 Th. Lilti Comédie dramatique Jacques Gamblin Hippocrate *
22%
2012 G. Ross Action Jennifer Lawrence Hunger Games *
22%
1997 W. Allen Comédie Woody Allen Harry dans tous ses états états
11%
2019 N. Marshall Fantastique David Harbour Hellboy *
11%
1996 J. Szwarc Comédie Christophe Lambert Hercule et Sherlock et
11%
2006 P. Salvadon Comédie Gad Elmaleh Hors de prix de
11%
1998 F. Ruggieri Policier Jean Yanne Hygiène de l'assassin assassin
11%
2011 N. Moretti Comédie dramatique Michel Piccoli Habemus Papam *
0%
2007 R. Zombie Horreur Sid Haig Halloween *
0%
2019 O. Ducastel Comédie dramatique Manika Auxiré Haut perchés *
0%
2018 O. Mebarek Drame Vincent Perez Hayati *
0%
2013 E. Reitz Historique Jan Dieter Schneider Heimat *
0%
2016 C. Jimenez Historique Jason Clarke HHhH *
0%
1999 E. Valli Aventures Thinle Lhondup Himalaya l'enfance d'un chef chef
0%
1996 C. Lelouch Comédie Antoine Duléry Hommes, femmes mode d'emploi femmes
0%
2005 L. Alexander Drame Elijah Wood Hooligans *
0%
2014 B. Lojkine Drame Endurance Newton Hope *
0%
Aucun quiz correspondant
Distribution des résultats
% des personnes avec chaque résultat
Percentile par nombre de réponses
Votre historique - résultats
Vous n’avez pas pris ce quiz